| 000 | 00545nam a2200181 4500 | ||
|---|---|---|---|
| 999 |
_c11808 _d11808 |
||
| 008 | 210112b ||||| |||| 00| 0 eng d | ||
| 020 | _a9781716782848 | ||
| 082 | 0 | 0 |
_a004 _bA2869 |
| 100 |
_94112 _aAho, Alfred V. |
||
| 245 | 1 | 0 |
_aFoundations of computer science / _cby Alfred V. Aho and Jeffrey D. Ullman |
| 250 | _a1st ed. | ||
| 260 |
_aNew york: _bComputer Sc Press, _c1995. |
||
| 300 | _axiii, 786p. | ||
| 490 | 0 | _a(Principle of computer science) | |
| 650 | 0 | _aComputer Science | |
| 700 |
_94113 _aUllman, Jeffrey D. |
||
| 942 |
_2ddc _cBK |
||